One Syllable Fruit & Vegetables - Statistics

General Stats
  • This quiz has been taken 119 times
    79 since last reset
  • The average score is 9 of 16
Answer Stats
Answer % Correct
Pea
94%
Pear
81%
Grape
70%
Date
69%
Fig
69%
Lime
69%
Peach
69%
Plum
69%
Bean
64%
Corn
57%
Kale
55%
{Prune}*
52%
Leek
42%
Squash
36%
Quince
33%
Swede
9%
No matching quizzes found
Score Distribution
Percent of People with Each Score
Percentile by Number Answered
Your Score History
You have not taken this quiz since the last reset